Imagining nuclear war in the British Army, 1945-1989 /

The primary mission assigned to the British Army from the 1950s until the end of the Cold War was deterring Soviet aggression in Europe by demonstrating the will and capability to fight with nuclear weapons to defend NATO territory. This is a comprehensive account of how the British Army imagined nu...

Full description

Bibliographic Details
Main Author: Moody, Simon (Author)
Format: eBook
Language:English
Published: Oxford ; New York, NY : Oxford University Press, 2020.
Edition:First edition.
Subjects:
Online Access:Connect to the full text of this electronic book

MARC

Tag First Indicator Second Indicator Subfields
LEADER 00000cam a2200000 i 4500
001 in00005717921
005 20260319181530.6
006 m o d
007 cr cnu---unuuu
008 191204s2020 enkb ob 001 0 eng d
040 |a YDX  |b eng  |e rda  |e pn  |c YDX  |d YDXIT  |d OCLCF  |d YDX  |d BRX  |d N$T  |d EBLCP  |d OCLCQ  |d STBDS  |d UIU  |d IUL  |d UKAHL  |d K6U  |d OCLCO  |d OCLCQ  |d OCLCO  |d OCLCQ  |d SFB  |d YWS  |d OCLCQ  |d OCLCO  |d OCLCL  |d OCLCQ  |d OCLCO 
019 |a 1137797218  |a 1151174853 
020 |a 9780192586346  |q (electronic book) 
020 |a 0192586343  |q (electronic book) 
020 |a 9780191881954  |q (electronic book) 
020 |a 0191881953  |q (electronic book) 
020 |a 9780192586353  |q (electronic bk.) 
020 |a 0192586351  |q (electronic bk.) 
020 |z 0198846991 
020 |z 9780198846994 
035 |a (OCoLC)1129145603  |z (OCoLC)1137797218  |z (OCoLC)1151174853 
043 |a e-uk--- 
050 4 |a DA69  |b .M66 2020 
082 0 4 |a 355.02/170941  |2 23 
049 |a TXAM 
100 1 |a Moody, Simon,  |e author.  |1 https://id.oclc.org/worldcat/entity/E39PCjxPhXbvvwB783kTWQkKv3 
245 1 0 |a Imagining nuclear war in the British Army, 1945-1989 /  |c Simon J. Moody. 
250 |a First edition. 
264 1 |a Oxford ;  |a New York, NY :  |b Oxford University Press,  |c 2020. 
300 |a 1 online resource (xii, 237 pages) :  |b maps 
336 |a text  |b txt  |2 rdacontent 
337 |a computer  |b c  |2 rdamedia 
338 |a online resource  |b cr  |2 rdacarrier 
504 |a Includes bibliographical references and index. 
588 0 |a Online resource; title from web page (viewed on April 22, 2020). 
520 8 |a The primary mission assigned to the British Army from the 1950s until the end of the Cold War was deterring Soviet aggression in Europe by demonstrating the will and capability to fight with nuclear weapons to defend NATO territory. This is a comprehensive account of how the British Army imagined nuclear war, and how it planned to fight it. 
610 1 0 |a Great Britain.  |b Army. 
610 1 6 |a Grande-Bretagne.  |b Army. 
610 1 7 |a Great Britain.  |b Army  |2 fast 
610 1 7 |a Grossbritannien  |b Army.  |2 gnd 
651 0 |a Great Britain  |x History, Military  |y 20th century. 
650 0 |a Nuclear weapons  |z Great Britain  |x History  |y 20th century. 
651 0 |a Great Britain  |x Military policy. 
650 0 |a Nuclear warfare  |z Great Britain  |x History  |y 20th century. 
650 0 |a Deterrence (Strategy)  |x History  |y 20th century. 
651 6 |a Grande-Bretagne  |x Histoire militaire  |y 20e siècle. 
650 6 |a Guerre nucléaire  |z Grande-Bretagne  |x Histoire  |y 20e siècle. 
650 6 |a Dissuasion (Stratégie)  |x Histoire  |y 20e siècle. 
650 7 |a Deterrence (Strategy)  |2 fast 
650 7 |a Military policy  |2 fast 
650 7 |a Nuclear warfare  |2 fast 
650 7 |a Nuclear weapons  |2 fast 
651 7 |a Great Britain  |2 fast  |1 https://id.oclc.org/worldcat/entity/E39PBJdmp7p3cx8hpmJ8HvmTpP 
648 7 |a 1900-1999  |2 fast 
655 7 |a Electronic books.  |2 local 
655 7 |a History  |2 fast 
655 7 |a Military history  |2 fast 
758 |i has work:  |a Imagining nuclear war in the British Army, 1945-1989 (Text)  |1 https://id.oclc.org/worldcat/entity/E39PCGVt8mjjjxKBJwCPThtPYq  |4 https://id.oclc.org/worldcat/ontology/hasWork 
776 0 8 |i Print version:  |a Moody, Simon.  |t Imagining nuclear war in the British Army, 1945-1989.  |b First edition.  |d Oxford ; New York : Oxford University Press, 2020  |z 9780198846994  |w (OCoLC)1136915839 
856 4 0 |u http://proxy.library.tamu.edu/login?url=https://academic.oup.com/book/36586  |z Connect to the full text of this electronic book  |t 0 
955 |a Oxford Scholarship Online 
994 |a 92  |b TXA 
999 f f |i 503dbc71-7b08-467a-9a50-a592e5e6ee22  |s b4a18c2b-2825-41e4-83b4-071b16e5e816  |t 0 
952 f f |a Texas A&M University  |b College Station  |c Electronic Resources  |s www_evans  |d Available Online  |t 0  |e DA69 .M66 2020  |h Library of Congress classification 
998 f f |a DA69 .M66 2020  |t 0  |l Available Online